Steganografia s detekciou hrán

Na minha lista:
Detalhes bibliográficos
Autor principal: Grűnvaldský, Dávid (Author)
Outros Autores: Vojvoda, Milan (Thesis advisor)
Formato: Manuscrito Livro
Idioma:eslovaco
Publicado em: 2015
Assuntos:
Acesso em linha:http://is.stuba.sk/zp/portal_zp.pl?podrobnosti=97889
Tags: Adicionar Tag
Sem tags, seja o primeiro a adicionar uma tag!

MARC

LEADER 00000ntm a22000003a 4500
001 stuzp49831
003 SK-STU
005 20160719153409.3
007 ta
008 150427s2015----xo-----f-mn---000-0-slo-d
040 |a STU  |b slo 
041 0 |a slo 
100 1 |a Grűnvaldský, Dávid  |u 035000  |4 aut  |U FEI Fakulta elektrotechniky a informatiky  |T FEI Ústav informatiky a matematiky  |X 54090  |U E050  |Y 816  |7 54090 
242 0 1 |a Steganography with edge detection  |y eng 
245 1 0 |a Steganografia s detekciou hrán 
260 |c 2015 
300 |a 33 s.  |b CD-ROM 
650 4 |a steganografia  |2 slo 
650 4 |a detekcia hrán  |2 slo 
650 4 |a Cannyho algoritmus  |2 slo 
650 4 |a hranový detektor  |2 slo 
650 4 |a Canny algorithm  |2 eng 
650 4 |a edge detector  |2 eng 
650 4 |a steganography  |2 eng 
650 4 |a edge detection  |2 eng 
700 1 |a Vojvoda, Milan  |4 ths  |X 1885  |7 A000001885 
856 4 |u http://is.stuba.sk/zp/portal_zp.pl?podrobnosti=97889 
996 |b 284ER01942  |c E*Bc- 1942  |l EE35  |s P  |a 0  |w stuzp49831_0001 
SQL |a stuzp49831  |b DBP  |c SLO  |d Steganografia s detekciou hrán  |e 54090  |f Grűnvaldský, Dávid  |g 035000  |h 1885  |i Vojvoda, Milan  |j 20150706  |k 73  |l 03  |m http://is.stuba.sk/zp/portal_zp.pl?podrobnosti=97889  |n B-API  |o 9.2.9. aplikovaná informatika